000 00216 a2200109 4500
001 126817
040 _cEscola Canadense de Niteroi
090 _aMP
245 1 0 _aRhyming words
490 0 _aDr. Seuss
942 _cMATP
999 _c126817
_d126817